[Event "2015 British Chess Championships: Championship"]
[Site "University of Warwick, Coventry, Warwickshire"]
[Date "2015.07.27"]
[Round "1"]
[Board "1"]
[White "Howell, David W L"]
[Black "Peacock, Malcolm R"]
[Result "1-0"]
[WhiteElo "2698"]
[BlackElo "2123"]
[PlyCount "73"]
[EventDate "2015.07.27"]
[EventRounds "11"]
[EventCountry "ENG"]

1. Nf3 Nf6 2. d4 c5 3. d5 d6 4. c4 e6 5. Nc3 exd5 6. cxd5 g6 7. Bf4 a6 8. a4
Bg7 9. h3 O-O 10. e3 Qe7 11. Nd2 Nbd7 12. Be2 Rb8 13. O-O Ne5 14. Bh2 Ne8 15.
Qc2 g5 16. Rae1 Bd7 17. f4 Ng6 18. Nce4 h6 19. Kh1 b5 20. axb5 axb5 21. b3 Rb6
22. Bd3 Qd8 23. Qd1 f5 24. Ng3 gxf4 25. exf4 Qf6 26. Nh5 Qd4 27. Nf3 Qb2 28.
Re2 Qc3 29. Ra2 Rb7 30. Bg3 c4 31. Bc2 cxb3 32. Bxb3 Nf6 33. Be1 Qc8 34. Nxf6+
Bxf6 35. Bb4 Qb8 36. Nd4 Ra7 37. Nc6 1-0

[Event "2015 British Chess Championships: Championship"]
[Site "University of Warwick, Coventry, Warwickshire"]
[Date "2015.07.27"]
[Round "1"]
[Board "2"]
[White "Pleasants, Allan J"]
[Black "Pert, Nicholas"]
[Result "0-1"]
[WhiteElo "2120"]
[BlackElo "2562"]
[PlyCount "86"]
[EventDate "2015.07.27"]
[EventRounds "11"]
[EventCountry "ENG"]

1. e4 c5 2. Nf3 Nc6 3. Bb5 d6 4. Bxc6+ bxc6 5. O-O e5 6. d3 Be7 7. Nbd2 f5 8.
b4 cxb4 9. d4 fxe4 10. Nxe4 Nf6 11. Nxf6+ gxf6 12. Re1 Bg4 13. Qd3 Qd7 14. Bd2
Qf5 15. Qxf5 Bxf5 16. Bxb4 Bxc2 17. Rac1 Ba4 18. Nh4 Kd7 19. Nf5 Bf8 20. Bc3
Rg8 21. dxe5 fxe5 22. Re4 Bb5 23. Rd1 Ke6 24. g4 c5 25. h3 h5 26. f3 Be8 27.
Re2 Rc8 28. Kf2 Bg6 29. Ne3 c4 30. f4 Bd3 31. f5+ Kd7 32. Rb2 Kc6 33. Kg3 Bh6
34. Bd2 Bxe3 35. Bxe3 hxg4 36. hxg4 Bxf5 37. Bxa7 Rxg4+ 38. Kf3 Rf4+ 39. Ke3
Bd3 40. Rg1 Re4+ 41. Kd2 Re2+ 42. Kc3 Rxb2 43. Kxb2 d5 0-1

[Event "2015 British Chess Championships: Championship"]
[Site "University of Warwick, Coventry, Warwickshire"]
[Date "2015.07.27"]
[Round "1"]
[Board "3"]
[White "Hawkins, Jonathan"]
[Black "Wager, John D"]
[Result "1-0"]
[WhiteElo "2554"]
[BlackElo "2117"]
[PlyCount "42"]
[EventDate "2015.07.27"]
[EventRounds "11"]
[EventCountry "ENG"]

1. d4 d5 2. c4 c6 3. Nf3 e6 4. Nc3 f5 5. Bf4 Nf6 6. e3 Be7 7. Bd3 O-O 8. Qc2
Ne4 9. g4 Na6 10. a3 fxg4 11. Ne5 Nf6 12. c5 Nb8 13. h3 g3 14. Rg1 gxf2+ 15.
Qxf2 Nh5 16. Qc2 Bh4+ 17. Kd2 Nxf4 18. Bxh7+ Kh8 19. exf4 Qf6 20. Rg4 Bf2 21.
Bd3 Bxd4 1-0

[Event "2015 British Chess Championships: Championship"]
[Site "University of Warwick, Coventry, Warwickshire"]
[Date "2015.07.27"]
[Round "1"]
[Board "4"]
[White "Jones, William E G"]
[Black "Arkell, Keith C"]
[Result "0-1"]
[WhiteElo "2115"]
[BlackElo "2502"]
[PlyCount "138"]
[EventDate "2015.07.27"]
[EventRounds "11"]
[EventCountry "ENG"]

1. e4 d5 2. exd5 Qxd5 3. Nf3 Nf6 4. d4 Bg4 5. Be2 c6 6. O-O e6 7. c4 Qd6 8. Be3
Nbd7 9. Nbd2 Be7 10. h3 Bxf3 11. Nxf3 O-O 12. Qc2 Qc7 13. Bd3 h6 14. Rfe1 Rfd8
15. Bd2 a5 16. a3 a4 17. Bc3 Bf8 18. Rad1 Re8 19. Qe2 c5 20. dxc5 Bxc5 21. Bc2
Be7 22. Nd4 Nc5 23. Qf3 Red8 24. g3 Rd7 25. Kg2 Rad8 26. Nb5 Qc6 27. Qxc6 bxc6
28. Nd4 Rd6 29. Nf3 Nfe4 30. Rxd6 Nxd6 31. Ne5 Rc8 32. Bb4 Ndb7 33. Bxa4 Nxa4
34. Bxe7 Rc7 35. Bb4 Nxb2 36. Re2 Na4 37. Rc2 f6 38. Nd3 c5 39. Bd2 Nd6 40. Be3
e5 41. f3 Nf5 42. Bf2 Nd4 43. Rc1 Rb7 44. f4 Rb3 45. Rd1 exf4 46. Nxf4 Nb2 47.
Rb1 Nxc4 48. Rxb3 Nxb3 49. Nd3 Nxa3 50. Nxc5 Nd2 51. h4 h5 52. Be3 Ndc4 53. Bf4
Nb5 54. Kf2 Nd4 55. Ne4 Kf7 56. Nd6+ Nxd6 57. Bxd6 Ke6 58. Bb8 Kf5 59. Ba7 Nc6
60. Bc5 Kg4 61. Bf8 g6 62. Bg7 f5 63. Bf6 Nb4 64. Bd8 Nd5 65. Kg2 f4 66. gxf4
Nxf4+ 67. Kh2 Ne2 68. Bf6 Ng3 69. Kg2 Nf5 0-1

[Event "2015 British Chess Championships: Championship"]
[Site "University of Warwick, Coventry, Warwickshire"]
[Date "2015.07.27"]
[Round "1"]
[Board "5"]
[White "Hebden, Mark L"]
[Black "Zhang, Anthony Y"]
[Result "1-0"]
[WhiteElo "2500"]
[BlackElo "2109"]
[PlyCount "135"]
[EventDate "2015.07.27"]
[EventRounds "11"]
[EventCountry "ENG"]

1. d4 d5 2. Nf3 Nf6 3. c4 c6 4. e3 Bf5 5. Nc3 e6 6. Nh4 Bg6 7. Qb3 Qc7 8. Bd2
Nbd7 9. cxd5 exd5 10. Nxg6 hxg6 11. g3 Be7 12. Be2 Nb6 13. O-O-O a5 14. Kb1 a4
15. Qc2 Qd7 16. f3 O-O 17. Bc1 a3 18. b3 Bb4 19. Bd2 Qe7 20. Rc1 Rfc8 21. Nd1
Bxd2 22. Qxd2 c5 23. dxc5 Rxc5 24. Rxc5 Qxc5 25. Qd4 Rc8 26. Qxc5 Rxc5 27. Nf2
Rc7 28. Bb5 Re7 29. Nd1 Nbd7 30. Kc2 Ne5 31. Rf1 Rc7+ 32. Kd2 g5 33. g4 Rc5 34.
Nc3 Kf8 35. Be2 Nc6 36. Na4 Ra5 37. Rc1 Ke7 38. Nc5 Ra7 39. Bb5 Ne5 40. Ke2 Kd6
41. h3 Ng6 42. b4 b6 43. Nb3 Ne7 44. Nd4 Ra8 45. Kf2 g6 46. Rc3 Nd7 47. Bf1 Ne5
48. Nb5+ Kd7 49. Rxa3 Rxa3 50. Nxa3 f5 51. Nc2 Nc8 52. Bb5+ Ke7 53. Nd4 Nd6 54.
Ke2 Nxb5 55. Nxb5 Kd7 56. Nd4 f4 57. exf4 gxf4 58. h4 Nc4 59. a4 Kd6 60. Nb3
Kc6 61. h5 gxh5 62. gxh5 Ne5 63. h6 d4 64. Nxd4+ Kd5 65. h7 Ng6 66. Kd3 Ne5+
67. Kc3 Ng6 68. Ne2 1-0

[Event "2015 British Chess Championships: Championship"]
[Site "University of Warwick, Coventry, Warwickshire"]
[Date "2015.07.27"]
[Round "1"]
[Board "6"]
[White "Scott, Gordon W"]
[Black "Gormally, Daniel W"]
[Result "0-1"]
[WhiteElo "2101"]
[BlackElo "2484"]
[PlyCount "72"]
[EventDate "2015.07.27"]
[EventRounds "11"]
[EventCountry "ENG"]

1. d4 d5 2. c4 c6 3. Nf3 Nf6 4. Nc3 g6 5. Bf4 dxc4 6. a4 Bg7 7. e4 Bg4 8. Bxc4
Bxf3 9. gxf3 O-O 10. Qd2 Nh5 11. Be3 e5 12. d5 cxd5 13. exd5 Nd7 14. Rd1 Rc8
15. Bf1 Nc5 16. Bh3 Nb3 17. Qd3 f5 18. Bf1 Nd4 19. Be2 a6 20. O-O Qh4 21. Qd2
Qh3 22. Bg5 f4 23. Qd3 Ng3 24. fxg3 fxg3 25. hxg3 Qxg3+ 26. Kh1 Qxg5 27. Ne4
Qd8 28. d6 Bh6 29. Kg2 Kg7 30. Rh1 Rc2 31. Rde1 Qd7 32. b3 Rxf3 33. Rxh6 Rxd3
34. Rxh7+ Kxh7 35. Nf6+ Kg7 36. Nxd7 Nxe2 0-1

[Event "2015 British Chess Championships: Championship"]
[Site "University of Warwick, Coventry, Warwickshire"]
[Date "2015.07.27"]
[Round "1"]
[Board "7"]
[White "Emms, John M"]
[Black "Villiers, Thomas"]
[Result "1-0"]
[WhiteElo "2460"]
[BlackElo "2097"]
[PlyCount "59"]
[EventDate "2015.07.27"]
[EventRounds "11"]
[EventCountry "ENG"]

1. e4 Nf6 2. e5 Nd5 3. d4 d6 4. Nf3 dxe5 5. Nxe5 c6 6. Be2 Nd7 7. Nf3 N7f6 8.
O-O Bg4 9. Ne5 Bxe2 10. Qxe2 e6 11. c4 Nc7 12. Rd1 Be7 13. Nc3 O-O 14. Bf4 Rc8
15. Rd3 Qe8 16. Rg3 Kh8 17. Rh3 b5 18. b3 bxc4 19. bxc4 c5 20. Qd3 cxd4 21. Ng4
Nh5 22. Rxh5 f5 23. Qh3 fxg4 24. Rxh7+ Kg8 25. Rh8+ Kf7 26. Qh5+ g6 27. Rh7+
Kg8 28. Qh6 Bf6 29. Ne4 Rf7 30. Nxf6+ 1-0

[Event "2015 British Chess Championships: Championship"]
[Site "University of Warwick, Coventry, Warwickshire"]
[Date "2015.07.27"]
[Round "1"]
[Board "8"]
[White "Page, Mark E"]
[Black "Flear, Glenn C"]
[Result "0-1"]
[WhiteElo "2096"]
[BlackElo "2450"]
[PlyCount "64"]
[EventDate "2015.07.27"]
[EventRounds "11"]
[EventCountry "ENG"]

1. e4 e5 2. Bc4 Nf6 3. Nc3 Nc6 4. d3 Na5 5. a3 Nxc4 6. dxc4 d6 7. h3 g6 8. Nf3
Be6 9. Qd3 Bg7 10. g4 h5 11. g5 Nd7 12. Be3 O-O 13. O-O-O a6 14. Qe2 Qb8 15.
Nd2 Re8 16. Nb3 c6 17. f4 exf4 18. Bxf4 Ne5 19. Nd2 b5 20. cxb5 axb5 21. Nb3 b4
22. axb4 Bxb3 23. cxb3 Qxb4 24. Bxe5 Bxe5 25. Qc4 Bxc3 26. bxc3 Qa3+ 27. Kc2 d5
28. Qxc6 Qa2+ 29. Kd3 dxe4+ 30. Ke3 Rac8 31. Qf6 Qxb3 32. Rc1 Rcd8 0-1

[Event "2015 British Chess Championships: Championship"]
[Site "University of Warwick, Coventry, Warwickshire"]
[Date "2015.07.27"]
[Round "1"]
[Board "9"]
[White "Pert, Richard G"]
[Black "Burnett, Jim"]
[Result "1-0"]
[WhiteElo "2440"]
[BlackElo "2091"]
[PlyCount "39"]
[EventDate "2015.07.27"]
[EventRounds "11"]
[EventCountry "ENG"]

1. d4 d5 2. c4 e6 3. Nc3 c6 4. e4 dxe4 5. Nxe4 Bb4+ 6. Bd2 Qxd4 7. Bxb4 Qxe4+
8. Be2 Na6 9. Ba5 Bd7 10. Nf3 Ne7 11. O-O b6 12. Bc3 f6 13. Re1 Rd8 14. Ne5 Qh4
15. g3 Qh6 16. Bh5+ Ng6 17. Nxd7 Rxd7 18. Rxe6+ Kd8 19. Rd6 Nf8 20. Bg4 1-0

[Event "2015 British Chess Championships: Championship"]
[Site "University of Warwick, Coventry, Warwickshire"]
[Date "2015.07.27"]
[Round "1"]
[Board "10"]
[White "Asenov, Pavel"]
[Black "Williams, Simon K"]
[Result "1/2-1/2"]
[WhiteElo "2081"]
[BlackElo "2426"]
[PlyCount "71"]
[EventDate "2015.07.27"]
[EventRounds "11"]
[EventCountry "ENG"]

1. d4 e6 2. c4 b6 3. e4 Bb7 4. Bd3 Bb4+ 5. Bd2 Bxd2+ 6. Qxd2 d6 7. Nc3 Nd7 8.
f4 e5 9. Nf3 Ne7 10. O-O O-O 11. Rad1 Ng6 12. dxe5 dxe5 13. f5 Nh8 14. Bc2 Nc5
15. Nxe5 Qxd2 16. Rxd2 Rfe8 17. Ng4 Nxe4 18. Bxe4 Bxe4 19. f6 Bc6 20. Nd5 Bxd5
21. Rxd5 Re4 22. fxg7 Kxg7 23. Rg5+ Ng6 24. h3 Rf8 25. b3 Re2 26. a4 Rb2 27.
Rf3 f6 28. Rd5 f5 29. Ne5 Nxe5 30. Rxe5 Rf7 31. a5 f4 32. axb6 cxb6 33. c5 bxc5
34. Rxc5 h6 35. Rc4 Rb7 36. Rcxf4 1/2-1/2

[Event "2015 British Chess Championships: Championship"]
[Site "University of Warwick, Coventry, Warwickshire"]
[Date "2015.07.27"]
[Round "1"]
[Board "11"]
[White "Ward, Chris G"]
[Black "Edge, John"]
[Result "1/2-1/2"]
[WhiteElo "2423"]
[BlackElo "2080"]
[PlyCount "52"]
[EventDate "2015.07.27"]
[EventRounds "11"]
[EventCountry "ENG"]

1. d4 Nf6 2. c4 c5 3. d5 b5 4. cxb5 a6 5. bxa6 g6 6. Nc3 Bxa6 7. e4 Bxf1 8.
Kxf1 d6 9. g3 Bg7 10. Nf3 Nbd7 11. Kg2 O-O 12. a4 Ra6 13. Qc2 Qa8 14. Ra3 e6
15. dxe6 fxe6 16. Nb5 Qb7 17. Re1 d5 18. exd5 exd5 19. Re7 Ne4 20. Re3 Raf6 21.
b3 Rf5 22. Bb2 Bxb2 23. Qxb2 d4 24. Nbxd4 cxd4 25. Qxd4 Nef6 26. b4 Qa8 1/2-1/2

[Event "2015 British Chess Championships: Championship"]
[Site "University of Warwick, Coventry, Warwickshire"]
[Date "2015.07.27"]
[Round "1"]
[Board "13"]
[White "Jackson, James P"]
[Black "Taylor, Adam A"]
[Result "1/2-1/2"]
[WhiteElo "2343"]
[BlackElo "2055"]
[PlyCount "107"]
[EventDate "2015.07.27"]
[EventRounds "11"]
[EventCountry "ENG"]

1. e4 c5 2. Nf3 Nc6 3. d4 cxd4 4. Nxd4 e5 5. Nb5 d6 6. c4 Be7 7. N1c3 a6 8. Na3
f5 9. Bd3 f4 10. g3 fxg3 11. hxg3 Nf6 12. Nd5 O-O 13. Nc2 g6 14. Be3 Be6 15.
Bb6 Qd7 16. f3 Bd8 17. Be3 Rc8 18. Qe2 b5 19. Nxf6+ Rxf6 20. cxb5 axb5 21. Bxb5
d5 22. exd5 Qxd5 23. Rd1 Nd4 24. Nxd4 exd4 25. Rxd4 Qxf3 26. Qxf3 Rxf3 27. Re4
Bf7 28. Rh3 Rc2 29. Bd4 Rf5 30. Kd1 Rg2 31. Be2 Ba5 32. g4 Rd5 33. Rd3 Rd8 34.
b3 h5 35. Bf3 Rxa2 36. gxh5 gxh5 37. Be2 Bg6 38. Rg3 Rd2+ 39. Kc1 R2xd4 40.
Rxd4 Rxd4 41. Rxg6+ Kh7 42. Bxh5 Rd5 43. Rg4 Rxh5 44. b4 Bd8 45. Kc2 Bg5 46.
Kd3 Kg6 47. b5 Rh3+ 48. Kc4 Kf5 49. Rxg5+ Kxg5 50. b6 Rh1 51. Kd5 Kf5 52. b7
Rb1 53. Kc6 Rxb7 54. Kxb7 1/2-1/2

[Event "2015 British Chess Championships: Championship"]
[Site "University of Warwick, Coventry, Warwickshire"]
[Date "2015.07.27"]
[Round "1"]
[Board "14"]
[White "Myall, Ivan J"]
[Black "Cooper, John G"]
[Result "1/2-1/2"]
[WhiteElo "2048"]
[BlackElo "2313"]
[PlyCount "50"]
[EventDate "2015.07.27"]
[EventRounds "11"]
[EventCountry "ENG"]

1. e4 e6 2. d4 d5 3. e5 c5 4. c3 Nc6 5. Nf3 Nh6 6. a3 Nf5 7. b4 cxd4 8. cxd4
Bd7 9. Nc3 Rc8 10. Bb2 Nh4 11. Ng1 Be7 12. g3 Nf5 13. Nge2 f6 14. Bh3 fxe5 15.
Bxf5 exd4 16. Nxd4 exf5 17. O-O O-O 18. Nxd5 Bd6 19. Nxc6 Bxc6 20. Qd4 Rf7 21.
Rfd1 Bf8 22. Nf4 Rd7 23. Qc4+ Kh8 24. Rxd7 Qxd7 25. Qd4 Ra8 1/2-1/2

[Event "2015 British Chess Championships: Championship"]
[Site "University of Warwick, Coventry, Warwickshire"]
[Date "2015.07.27"]
[Round "1"]
[Board "15"]
[White "Batchelor, Peter J"]
[Black "Menadue, Jeremy F S"]
[Result "1-0"]
[WhiteElo "2304"]
[BlackElo "2042"]
[PlyCount "79"]
[EventDate "2015.07.27"]
[EventRounds "11"]
[EventCountry "ENG"]

1. d4 d5 2. c4 c6 3. Nf3 Nf6 4. Nc3 dxc4 5. a4 a5 6. e4 Bg4 7. Bxc4 e6 8. Be3
Bb4 9. Qc2 Bxf3 10. gxf3 Nbd7 11. Rg1 g6 12. O-O-O Qc7 13. Kb1 O-O-O 14. Na2
Be7 15. Nc1 Kb8 16. Nd3 Nh5 17. Rc1 Rhf8 18. Bb3 Rc8 19. Rgd1 Rfe8 20. d5 exd5
21. exd5 c5 22. Bc4 Bd6 23. Bb5 b6 24. Qb3 Ka7 25. Bc6 Rxe3 26. fxe3 f5 27.
Bxd7 Qxd7 28. Qc4 Re8 29. e4 Nf6 30. Re1 fxe4 31. fxe4 Ng4 32. Re2 h5 33. Rf1
Nxh2 34. Rf6 Ng4 35. Rxg6 Ne5 36. Nxe5 Rxe5 37. Rf2 Qh3 38. Rxd6 Qh1+ 39. Ka2
Rxe4 40. Rf7+ 1-0

[Event "2015 British Chess Championships: Championship"]
[Site "University of Warwick, Coventry, Warwickshire"]
[Date "2015.07.27"]
[Round "1"]
[Board "16"]
[White "Paterson, Andrew I"]
[Black "Lewis, Andrew P"]
[Result "1-0"]
[WhiteElo "2039"]
[BlackElo "2295"]
[PlyCount "110"]
[EventDate "2015.07.27"]
[EventRounds "11"]
[EventCountry "ENG"]

1. e4 c5 2. Nf3 Nc6 3. d4 cxd4 4. Nxd4 Nf6 5. Nc3 d6 6. Bc4 Na5 7. Bb5+ Bd7 8.
Nd5 Nxe4 9. O-O e6 10. Bxd7+ Qxd7 11. Qe1 exd5 12. Qxa5 Nf6 13. Bg5 Be7 14.
Bxf6 Bxf6 15. Rfe1+ Be7 16. Qxd5 O-O 17. Nf5 Bf6 18. c4 Rfd8 19. Rad1 b6 20. b3
g6 21. Nxd6 Bg7 22. g3 Rab8 23. Qf3 Qc7 24. Nb5 Rxd1 25. Qxd1 Qd8 26. Nxa7 Qf6
27. Nb5 Rd8 28. Qe2 Qc6 29. Qe4 Qxe4 30. Rxe4 Rd2 31. a3 Ra2 32. Re8+ Bf8 33.
Rb8 Kg7 34. b4 Rc2 35. Rxb6 Rxc4 36. Kg2 h6 37. Nd6 Rd4 38. Ne8+ Kg8 39. Nf6+
Kg7 40. Ne8+ Kg8 41. Rb5 Be7 42. Nc7 Bg5 43. a4 Bd2 44. Rd5 Rxb4 45. Rxd2 Rxa4
46. Kf3 Rc4 47. Ne8 Rc6 48. h4 Kf8 49. Nd6 Kg7 50. Ke4 Ra6 51. Nc4 Re6+ 52. Kf3
Rf6+ 53. Kg2 Rf5 54. Rd7 Rf6 55. Nd6 h5 1-0

[Event "2015 British Chess Championships: Championship"]
[Site "University of Warwick, Coventry, Warwickshire"]
[Date "2015.07.27"]
[Round "1"]
[Board "17"]
[White "Weaving, Richard"]
[Black "Jarmany, John"]
[Result "1-0"]
[WhiteElo "2257"]
[BlackElo "2036"]
[PlyCount "51"]
[EventDate "2015.07.27"]
[EventRounds "11"]
[EventCountry "ENG"]

1. e4 c6 2. d4 d5 3. exd5 cxd5 4. c4 Nf6 5. Nc3 Nc6 6. Bg5 Ne4 7. Nxe4 dxe4 8.
d5 Ne5 9. f3 exf3 10. Nxf3 Nxf3+ 11. Qxf3 Qb6 12. Bd3 e6 13. O-O-O Bd6 14. Qh5
Be5 15. Rd2 h6 16. Rf1 g6 17. Bxg6 hxg5 18. Bxf7+ Kd7 19. Qxg5 Bd4 20. Bxe6+
Kd6 21. Re1 Kc5 22. Rxd4 Kxd4 23. Qe5+ Kxc4 24. b3+ Kb4 25. Qxh8 Bxe6 26. Qh4+
 1-0

[Event "2015 British Chess Championships: Championship"]
[Site "University of Warwick, Coventry, Warwickshire"]
[Date "2015.07.27"]
[Round "1"]
[Board "18"]
[White "Lentzos, Ioanis"]
[Black "Rudd, Jack"]
[Result "0-1"]
[WhiteElo "2019"]
[BlackElo "2247"]
[PlyCount "112"]
[EventDate "2015.07.27"]
[EventRounds "11"]
[EventCountry "ENG"]

1. e4 e5 2. Nf3 Nc6 3. Nc3 Nf6 4. g3 Bc5 5. Bg2 d6 6. d3 a6 7. O-O Be6 8. a3
Qd7 9. Be3 Bh3 10. Nd5 Bxg2 11. Kxg2 Nxd5 12. exd5 Ne7 13. Bxc5 dxc5 14. c4 f6
15. b4 c6 16. dxc6 Nxc6 17. bxc5 O-O-O 18. Qb3 Qxd3 19. Qb6 Qxc4 20. Rab1 Rd7
21. Rfd1 Rhd8 22. Rd6 Qa4 23. Nd2 Rc7 24. f3 Rdd7 25. Ne4 Qc2+ 26. Kh3 f5 27.
Rxd7 Kxd7 28. Rb2 Qc1 29. Rd2+ Kc8 30. Nd6+ Kb8 31. Rf2 Nd4 32. Ne8 Rxc5 33.
Nxg7 Rc6 34. Qd8+ Ka7 35. Qe7 Qe1 36. Kg2 Ne2 37. Rf1 Nf4+ 38. gxf4 Rc2+ 39.
Kh3 Qxf1+ 40. Kh4 Qxf3 41. Nxf5 Rxh2+ 42. Kg5 Qxf4+ 43. Kf6 Rh6+ 44. Kg7 Qxf5
45. Qc5+ Rb6 46. a4 Qg4+ 47. Kh8 Qxa4 48. Kg8 Qd4 49. Qe7 e4 50. Qh4 Rg6+ 51.
Kf8 Qh8+ 52. Ke7 Qg7+ 53. Ke8 Qg8+ 54. Kd7 Qe6+ 55. Kc7 Rg7+ 56. Kd8 Qg8# 0-1

[Event "2015 British Chess Championships: Championship"]
[Site "University of Warwick, Coventry, Warwickshire"]
[Date "2015.07.27"]
[Round "1"]
[Board "19"]
[White "Storey, Charles H"]
[Black "Rice, Chris B"]
[Result "1-0"]
[WhiteElo "2245"]
[BlackElo "2015"]
[PlyCount "60"]
[EventDate "2015.07.27"]
[EventRounds "11"]
[EventCountry "ENG"]

1. c4 Nf6 2. g3 c6 3. Bg2 d5 4. Nf3 Bg4 5. Ne5 Bh5 6. cxd5 cxd5 7. g4 Bg6 8. g5
Ne4 9. Nxg6 hxg6 10. Bxe4 dxe4 11. Qa4+ Nd7 12. Nc3 Qc7 13. h4 e3 14. dxe3 a6
15. e4 Rc8 16. Be3 e6 17. Rd1 Qc6 18. Qxc6 Rxc6 19. f4 Bc5 20. Kf2 Ke7 21. Rd2
Nb6 22. Bxc5+ Rxc5 23. Rd4 e5 24. Rb4 Nd7 25. Rxb7 exf4 26. Rd1 Rd8 27. Nd5+
Ke8 28. Nc7+ Ke7 29. Nxa6 Ra5 30. Nb4 Ke8 1-0

[Event "2015 British Chess Championships: Championship"]
[Site "University of Warwick, Coventry, Warwickshire"]
[Date "2015.07.27"]
[Round "1"]
[Board "20"]
[White "Kalaiyalahan, Akshaya"]
[Black "Coleman, David J"]
[Result "1/2-1/2"]
[WhiteElo "1999"]
[BlackElo "2231"]
[PlyCount "85"]
[EventDate "2015.07.27"]
[EventRounds "11"]
[EventCountry "ENG"]

1. d4 Nf6 2. Nf3 g6 3. c4 Bg7 4. g3 O-O 5. Bg2 d6 6. Nc3 Nc6 7. O-O a6 8. e3
Rb8 9. Qe2 Nd7 10. Rd1 e5 11. dxe5 Ncxe5 12. Nxe5 Bxe5 13. e4 b5 14. cxb5 axb5
15. Be3 b4 16. Nd5 c6 17. Nf4 Qf6 18. Nd3 Ba6 19. f4 Bd4 20. Bxd4 Qxd4+ 21. Qf2
Qf6 22. Ne1 Qe7 23. Qd4 d5 24. exd5 c5 25. Qf2 Qd6 26. Nf3 c4 27. Ng5 Nc5 28.
Qd4 Rfe8 29. Ne4 Nxe4 30. Bxe4 Re7 31. Bg2 Rbe8 32. Rd2 Re3 33. Bf1 R8e4 34.
Qa7 Re7 35. Qa8+ Re8 36. Qc6 Qxc6 37. dxc6 c3 38. bxc3 bxc3 39. Rf2 Bxf1 40.
Kxf1 Rc8 41. Re2 Rd3 42. Rc2 Rxc6 43. Rac1 1/2-1/2

[Event "2015 British Chess Championships: Championship"]
[Site "University of Warwick, Coventry, Warwickshire"]
[Date "2015.07.27"]
[Round "1"]
[Board "21"]
[White "Chevannes, Sabrina L"]
[Black "Eagleton, Greg T"]
[Result "0-1"]
[WhiteElo "2228"]
[BlackElo "1994"]
[PlyCount "56"]
[EventDate "2015.07.27"]
[EventRounds "11"]
[EventCountry "ENG"]

1. d4 d5 2. Bf4 Nf6 3. e3 e6 4. c4 Bd6 5. Bg3 Bxg3 6. hxg3 Nbd7 7. Nc3 c6 8.
Nf3 Qe7 9. cxd5 exd5 10. Bd3 Ne4 11. Qc2 f5 12. Nh4 Nf8 13. g4 Nxc3 14. bxc3
fxg4 15. Rb1 Be6 16. Nf5 Bxf5 17. Bxf5 g3 18. Bxh7 gxf2+ 19. Ke2 Rxh7 20. Rxh7
Nxh7 21. Qxh7 O-O-O 22. Qf5+ Kb8 23. Qxf2 a6 24. Rb3 Ka8 25. Kd2 Rf8 26. Qe2
Qh4 27. Qe1 Rf2+ 28. Kd1 Qf6 0-1

[Event "2015 British Chess Championships: Championship"]
[Site "University of Warwick, Coventry, Warwickshire"]
[Date "2015.07.27"]
[Round "1"]
[Board "22"]
[White "Okhai, Shabir"]
[Black "Osborne, Marcus E"]
[Result "0-1"]
[WhiteElo "1994"]
[BlackElo "2190"]
[PlyCount "102"]
[EventDate "2015.07.27"]
[EventRounds "11"]
[EventCountry "ENG"]

1. e4 e6 2. d4 d5 3. Nc3 Nf6 4. e5 Nfd7 5. f4 c5 6. Nf3 Nc6 7. Be3 Be7 8. Qd2
O-O 9. dxc5 Qa5 10. Nb5 Qxd2+ 11. Nxd2 Bxc5 12. Bxc5 Nxc5 13. Nb3 Nxb3 14. axb3
g5 15. fxg5 Bd7 16. Be2 a6 17. Nd6 Rab8 18. c4 Nxe5 19. cxd5 exd5 20. O-O Be6
21. Rac1 d4 22. Rfd1 d3 23. Bxd3 Bxb3 24. Bc2 Bxc2 25. Rxc2 Rfd8 26. Rcd2 Rd7
27. Rd5 Nc6 28. Ne4 Rxd5 29. Rxd5 Rd8 30. Rxd8+ Nxd8 31. Kf2 Ne6 32. Ke3 Kf8
33. Nf6 Nxg5 34. Nd7+ Ke7 35. Nc5 Kd6 36. Nxb7+ Kd5 37. Nd8 Kc4 38. h4 Ne6 39.
Nxe6 fxe6 40. Kd2 Kd4 41. h5 Ke4 42. h6 Kf4 43. Kd3 Kg5 44. Ke4 Kxh6 45. Ke5
Kg5 46. Kxe6 Kg4 47. Kf6 a5 48. Kg7 h5 49. Kg6 h4 50. Kh6 a4 51. Kg6 Kg3 0-1

[Event "2015 British Chess Championships: Championship"]
[Site "University of Warwick, Coventry, Warwickshire"]
[Date "2015.07.27"]
[Round "1"]
[Board "23"]
[White "Kalavannan, Koby"]
[Black "Garnett, John S"]
[Result "1/2-1/2"]
[WhiteElo "2178"]
[BlackElo "1984"]
[PlyCount "47"]
[EventDate "2015.07.27"]
[EventRounds "11"]
[EventCountry "ENG"]

1. d4 Nf6 2. Nf3 d5 3. c4 c6 4. Nbd2 Bf5 5. Nh4 Bg6 6. Qb3 Qc7 7. Nxg6 hxg6 8.
g3 e6 9. Bg2 Nbd7 10. e4 dxe4 11. Nxe4 Nxe4 12. Bxe4 Nf6 13. Bf3 O-O-O 14. Be3
Qa5+ 15. Ke2 e5 16. Bd2 Qc7 17. d5 e4 18. Bg2 Bb4 19. Bf4 Bd6 20. Be3 c5 21. h4
Kb8 22. Bh3 Nd7 23. Bxd7 Qxd7 24. Qc3 1/2-1/2

[Event "2015 British Chess Championships: Championship"]
[Site "University of Warwick, Coventry, Warwickshire"]
[Date "2015.07.27"]
[Round "1"]
[Board "24"]
[White "Brozel, Sacha"]
[Black "Mckenna, Jason P"]
[Result "0-1"]
[WhiteElo "1976"]
[BlackElo "2175"]
[PlyCount "58"]
[EventDate "2015.07.27"]
[EventRounds "11"]
[EventCountry "ENG"]

1. c4 c5 2. g3 g6 3. Bg2 Bg7 4. Nc3 Nc6 5. Nf3 e5 6. O-O Nge7 7. a3 O-O 8. Ne1
d6 9. Nc2 Be6 10. Ne3 Qd7 11. Rb1 a5 12. Ned5 Ra6 13. d3 f5 14. Bd2 Kh8 15. b4
axb4 16. axb4 cxb4 17. Nxb4 Nxb4 18. Rxb4 Nc6 19. Rb3 e4 20. Qb1 Rb8 21. Nb5 d5
22. cxd5 Bxd5 23. Ra3 Nd4 24. Bf4 Nxe2+ 25. Kh1 Nxf4 26. gxf4 Rb6 27. Ra5 exd3
28. Rd1 Bc4 29. Qb4 Rxb5 0-1

[Event "2015 British Chess Championships: Championship"]
[Site "University of Warwick, Coventry, Warwickshire"]
[Date "2015.07.27"]
[Round "1"]
[Board "25"]
[White "Willmoth, Robert F"]
[Black "Burke, Mitchell R"]
[Result "1/2-1/2"]
[WhiteElo "2173"]
[BlackElo "1966"]
[PlyCount "72"]
[EventDate "2015.07.27"]
[EventRounds "11"]
[EventCountry "ENG"]

1. c4 Nf6 2. g3 g6 3. Bg2 Bg7 4. Nc3 O-O 5. e4 d6 6. Nge2 e5 7. O-O Be6 8. d3
Qc8 9. f4 Nc6 10. Nd5 Bg4 11. Ne3 Nd4 12. Nxg4 Qxg4 13. Rf2 exf4 14. Bxf4 Nxe2+
15. Qxe2 Qxe2 16. Rxe2 Ng4 17. Rf1 Bd4+ 18. Kh1 Ne5 19. Rd1 a5 20. h3 Rfb8 21.
Rc2 c5 22. b3 b5 23. cxb5 Rxb5 24. Bf1 a4 25. bxa4 Rxa4 26. Bxe5 dxe5 27. Kg2
Kf8 28. Kf3 Ke7 29. h4 Rb6 30. g4 h6 31. Kg2 Be3 32. Re1 Bd4 33. Kf3 Rf6+ 34.
Kg3 Rb6 35. Kg2 Rba6 36. Ree2 Ra3 1/2-1/2